| 000 | 01646nam a2200385 a 4500 | ||
|---|---|---|---|
| 001 | 000267765 | ||
| 003 | AM-YeHGA | ||
| 005 | 20250618071800.0 | ||
| 008 | 031001s1989 ai ||||gr|||||||||1|arm|d | ||
| 020 | _a5807700988 | ||
| 040 | _aAM-YeHGA | ||
| 041 | 0 | _aarm | |
| 245 | 0 | 0 |
_aՄեր թատրոնը : _bՊիեսների ժողովածու / _cԿազմ.՝ Ռ. Մարուխյան ; Խմբ.՝ Մ.Գ. Բերբերյան. |
| 260 |
_aԵրևան : _bԱրևիկ, _c1989. |
||
| 300 |
_a392 էջ ; _c22 սմ. |
||
| 650 | 1 | 4 |
_aՀայ գրականություն _xԹատերգություն |
| 700 | 1 |
_aՊետրոսյան, Վարդգես Համազասպի, _d1932-1994 _91431 |
|
| 700 | 1 |
_aԽալափյան, Զորայր Երվանդի, _d1933-2008 _92577 |
|
| 700 | 1 |
_aՎարդանյան, Հայկ Վարդանի, _d1926-1995 _92801 |
|
| 700 | 1 |
_aՉալիկյան, Գրիգոր Սարգսի, _d1920-2004 _91986 |
|
| 700 | 1 |
_aՍիմոնյան, Կարեն Արամի, _d1936-2018 _98967 |
|
| 700 | 1 |
_aՍարգսյան, Գևորգ _99076 |
|
| 700 | 1 |
_aՄովսիսյան, Վարդգես Կարապետի, _d1935-1988 _91356 |
|
| 700 | 1 |
_aՄարուխյան, Ռուբեն Արամի, _d1934-2024 _eկազմ. _4com _92697 |
|
| 700 | 1 |
_aԲերբերյան, Մ.Գ. _eխմբ. _4edt |
|
| 740 | 0 | _aՎերջին ուսուցիչը | |
| 740 | 0 | _aԴպրոցական կատակերգություն | |
| 740 | 0 | _aԱսպետները | |
| 740 | 0 | _aԿրակոց լուսնի վրա | |
| 740 | 0 | _aԹող կատարվի քո երազանքը | |
| 740 | 0 | _aՄեղվի փեթակը | |
| 740 | 0 | _aԿապույտ լճակներ | |
| 942 |
_2udc _cBK |
||
| 090 | _c98840 | ||
| 999 |
_c97534 _d97534 |
||